000 01386nam a2200241Ia 4500
003 Ost
005 20260507074949.0
008 260507s9999||||xx |||||||||||||| ||und||
020 _a9953462089
040 _cfsecg
041 _aara
082 _a382.1
100 _aشهاب، مجدي محمود
_eمؤلف
245 0 _aأسس العلاقات الاقتصادية الدولية /
_c مجدي محمود شهاب
260 _aبيروت:
_bمنشورات الحلبي الحقوقية,
_c2010
300 _a304 صفحة؛
_bإيضاحات ؛
_c24 سم
520 _aماهية ومظاهر العلاقات الإقتصادية الدولية ومدى تميزها عن علاقات الإقتصادالداخلي،الملامح والخصائص المحددة لطبيعة الإقتصاد العالمي وفقا للتطورات الطارئة على العلاقات الإقتصادية الدولية،النظريات المفسرة للتبادل الدولي، العلاقات النقدية والمالية الدولية،السياسات التجارية،النظام الجديد للتجارة الدولية
653 _aالاقتصاد الدولي
653 _aالتجارة الخارجية
653 _aالعلاقات الإقتصادية الدولية
700 _aعدلي ناشد، سوزي
_eمؤلف ثانوي
942 _cكتاب
999 _c41979
_d41979